00273nam a2200109Ia 4500008004100000100002100041245004100062260002100103650001400124942000800138999001700146190216s9999||||xx |||||||||||||| ||und|| aYogendranath Raj 0aCivil Prathirotham Adunika Yudhathil bBhasha Institute aEconomics cREF c35467d35467